You know who /

Bibliographic Details
Main Author: Ciardi, John, 1916-1986
Other Authors: Gorey, Edward, 1925-2000
Format: Book
Language:English
Published: Philadelphia : Lippincott, 1964.

MARC

Tag First Indicator Second Indicator Subfields
LEADER 00000cam a2200000 4500
001 in00000026590
005 20151007062559.0
008 720509s1964 paua 00000 eng u
010 |a  64019057  
035 |a (OCoLC)00304400 
035 |9 AAD5271AM 
040 |c WSU  |d TXA  |d UtOrBLW 
049 |a TXAM  |c [473989] 
050 0 |a PS3505.I27  |b Y68 1964 
092 |a 811  |b C566y 
100 1 |a Ciardi, John,  |d 1916-1986. 
245 1 0 |a You know who /  |c John Ciardi ; drawings by Edward Gorey. 
264 1 |a Philadelphia :  |b Lippincott,  |c 1964. 
300 |a 63 pages :  |b illustrations ;  |c 25 cm. 
336 |a text  |b txt  |2 rdacontent 
337 |a unmediated  |b n  |2 rdamedia 
338 |a volume  |b nc  |2 rdacarrier 
536 |a Cushing Library/Lit./Gorey copy is a gift of Eugene Edge III. 
700 1 |a Gorey, Edward,  |d 1925-2000. 
999 |a MARS 
999 f f |s ccc03864-6f66-3818-b3ae-9a4bedc69836  |i 8fb85486-ac32-352c-acae-4ec4d31f991d  |t 0 
952 f f |p ric  |a Texas A&M University  |b Rellis Campus  |c Joint Library Facility  |s JLF  |d Remote Storage  |t 0  |e PS3505.I27 Y68  |h Library of Congress classification  |i unmediated -- volume  |m A14801214188 
998 f f |a PS3505.I27 Y68  |t 0  |l Remote Storage